Terjemahan Juz Amma

Bibliographic Details
Main Author: Zulkifli Mat Isa
Format: Book
Published: Johor Bahru : Perniagaan Jahabersa , 2006

MARC

LEADER 00000cam a2200000 7i4500
001 0000058771
005 20160114.0
008 160114
020 |a 9789831708378 
020 |a 9831708377 
090 0 0 |a 297.1225   |b TER 
100 1 |a Zulkifli Mat Isa 
245 0 0 |a Terjemahan Juz Amma   |c Zulkifli Mat Isa 
260 |a Johor Bahru :   |b Perniagaan Jahabersa ,   |c 2006 
999 |a 0000946736   |b Book   |c Adult Collection   |e Cawangan Taman Sri Lambak 
999 |a 0000946737   |b Book   |c Adult Collection   |e Cawangan Taman Sri Lambak